Etika verzus právo a kvalita v zdravotníckych službách

Bibliographic Details
Main Author: Kuvíková, Helena, 1950- (Author)
Format: Article
Language:Slovak
ISBN:8080557985
Subjects:

MARC

LEADER 00000naa a2200000 ar4500
001 vtls009963617
003 SK-MaSNL
005 20260309150349.0
008 091026c2003 xo mr|p|||||||000 b|slo
015 |a SNBRA2009/10  |2 snkbucl 
038 |a SNKBUCL 
040 |a SNKBUCL  |b slo  |c SNKBUCL  |e AACR2 
041 0 |a slo  |b eng 
044 |a xo  |c SK 
080 |a 614.2:174:340.13  |2 2001 
080 |a 174  |2 2001 
080 |a 340.13  |2 2001 
100 1 |a Kuvíková, Helena,  |d 1950-  |4 aut  |9 100831 
245 1 0 |a Etika verzus právo a kvalita v zdravotníckych službách  |c Helena Kuvíková 
504 |a Bibliogr. odkazy 
546 |a Res. angl. 
650 0 7 |a zdravotníctvo  |2 snkbucl  |9 1269 
650 0 7 |a zdravotnícke služby  |2 snkbucl  |9 443770 
650 0 7 |a kvalita  |2 snkbucl  |9 1150 
650 0 7 |a etika  |2 snkbucl  |9 792 
650 0 7 |a legislatíva  |2 snkbucl  |9 121217 
773 0 |t Acta oeconomica N° 15  |d Banská Bystrica : Univerzita Mateja Bela, Ekonomická fakulta, 2003  |g S. 122-125  |z 8080557985 
852 |a SNK  |b KIS3GCP 
958 |a NB 
958 |a ME 
999 |c 3367366  |d 3369296